000 00585cam a2200193 4500
001 2563
005 20181127165306.0
008 861008s1989 nyu 000 0 eng
010 _a 86023097
020 _a0671611496
041 1 _aengita
100 1 _aLevi, Primo.
240 1 0 _aAltrui mestiere.
_lEnglish
245 1 0 _aOther people's trades /
_cPrimo Levi ; translated by Raymond Rosenthal.
260 _aNew York :
_bSummit Books,
_cc1989.
300 _a222 p. ;
_c23 cm.
500 _aTranslation of: L'altrui mestiere.
650 _aLevi, Primo --Knowledge and learning.
_v
_x
_y
_z
_2
999 _c2037
_d2037